| 000 | 01079nam a22003377a 4500 | ||
|---|---|---|---|
| 999 |
_c20541 _d20541 |
||
| 005 | 20191030131159.0 | ||
| 008 | 191030b xxu||||| |||| 00| 0 spa d | ||
| 040 |
_aCO-BoIAVH _cCO-BoIAVH |
||
| 041 | _aeng | ||
| 044 | _ako | ||
| 082 |
_a333.9516 _bL51b |
||
| 100 | 1 | _aLee, Woo-Shin | |
| 245 | _aBiodiversity of Mt. Popa, Myanmar. | ||
| 260 |
_aIncheon: _bNational Institute of Biological Resources, _c2014. |
||
| 300 |
_a224 Páginas: _bfotografías, _c22 x 15 cm. |
||
| 546 | _aEjemplar 1 en idioma ingles, Ejemplar 2 en idioma Birmano. | ||
| 650 | 0 | _aGuía Ilustrada | |
| 650 | 0 |
_aMonte Popa _zBirmania |
|
| 650 | 0 | _aBiodiversidad | |
| 651 | 0 |
_aBirmania _zAsia |
|
| 700 | _aKim, Sang-Bae | ||
| 700 | _aSuh, Min-Hwan | ||
| 700 | _aSeo, Ihn-Weon | ||
| 700 | _aLee, Kyoung-Jin | ||
| 700 | _aKil, Hyun-Jong | ||
| 700 | _aKyaw, Nyi Nyi | ||
| 700 | _aThaw, Win Naing | ||
| 700 | _aHtun, Naing Zaw | ||
| 700 | _aPark, Sung-Jin | ||
| 942 |
_2ddc _cLIBRO |
||